Prácticas de biología

Saved in:
Bibliographic Details
Main Author: Cendrero Curiel, Orestes
Format: Book
Language:Spanish
Published: Buenos Aires Sebastian de Amorrortu e Hijos [s. a.]
Edition:3ª. ed.
Textbook Catalogue:MANES:  Library Catalog Search Result
Textbook Classification:
Tags: Add Tag
No Tags, Be the first to tag this record!
Added to:2019-06-17
Changed in:2019-06-17

MARC

LEADER 00000nam a2200000 4500
005 20190618011356.0
008 190618b xxu||||| |||| 00| 0 spa d
040 |a centro_manes   |c universidad_colima 
100 |9 17690  |a Cendrero Curiel, Orestes 
245 |a Prácticas de biología  
250 |a 3ª. ed.  
260 |a Buenos Aires   |b Sebastian de Amorrortu e Hijos   |c [s. a.] 
300 |a 182 p.   |c 21 cm.  
500 |a Campo 500: Aparece: Francisco Ziga, "Bibliografía Pedagógica. Libros de texto para enseñanza primaria: 1850-1970 VII y VIII. "Libros de Ciencias Naturales. Lecciones y Nociones de Cosas." en Boletín del Instituto de Investigaciones Bibliográficas 1981-1982, Biblioteca Nacional, Hemeroteca Nacional, Universidad Nacional Autónoma de México, Nos. 18 - 19, p. 372. 
690 0 |a CN 
691 0 |a PRI 
942 |2 ddc  |c BK 
999 |c 85587  |d 85587 
999 |c manes:85587  |d 85587